000 00648nam a2200241Ia 4500
003 OSt
005 20221005035025.0
006 a|||||r|||| 00| 0
007 ta
008 221004b |||||||| |||| 00| 0 eng d
024 _a47400
037 _cTextual
040 _aCRL
_cCRL
_beng
041 _2eng
_aeng
082 _aT,b.2, N1
100 _aPatil Geetadevi Ganesh
_9587902
245 0 _aRole of contributory factors in modern Indian education
260 _aDelhi
_bHimalaya
_c1991
300 _a163p
_ccm.
650 _aEDUCATION
942 _hT,b.2, N1
_cTEXL
_2cc
999 _c944484
_d944484